| 000 | 00354nam a22001457a 4500 | ||
|---|---|---|---|
| 999 |
_c524211 _d524211 |
||
| 020 | _a9787300246475 | ||
| 040 | _cNUST | ||
| 082 |
_a340.115 _bYUJ |
||
| 100 |
_aYujun feng _915026 |
||
| 245 | _aA New journey to Law -Based Governance | ||
| 260 |
_aChina _bRenmin university press _c2017 |
||
| 300 | _aill,241,p.: | ||
| 521 | _aP.B | ||
| 942 |
_2ddc _cBK |
||